000 004670000a22001810004500
003 MACL
005 20151001150623.0
008 151001b xxu||||| |||| 00| 0 eng d
040 _aMACL
_cMACL
041 _aEnglish
082 _a900/BRO
100 _aBrockington, J L
_913054
245 _aA Short History of Hinduism
_bThe Sacred Thread
260 _bOxford University Press
_c1992
_aNew Delhi
350 _a100
650 _aHistory
_913055
942 _cBK
_k900
_2ddc
999 _c3943
_d3943